Autism Awareness Month #4 - Top 10 Countries by Autism Rates - Statistics

General Stats
  • This quiz has been taken 9 times
  • The average score is 6 of 10
Answer Stats
# per 100k Country % Correct
1024 Canada
100%
969 United States
100%
1340 Japan
89%
1279 South Korea
89%
1382 Singapore
67%
1031 Iceland
44%
1008 Sweden
44%
1651 Brunei
22%
972 Ethiopia
11%
1040 Uganda
11%
No matching quizzes found
Score Distribution
Percent of People with Each Score
Percentile by Number Answered
Your Score History
You have not taken this quiz